| 000 | 01229nam a2200313 a 4500 | ||
|---|---|---|---|
| 001 | 000114036 | ||
| 003 | CHAP | ||
| 005 | 20220329144424.0 | ||
| 008 | 171023s2017 mx a fsm |||||||spa d | ||
| 010 | _a110497 | ||
| 011 | _a111469 | ||
| 040 | _cCHAP | ||
| 090 | _aTesis | ||
| 100 | 1 |
_aMolina Bartolo, Dulce Sarahí _9133876 |
|
| 245 | 1 | 0 |
_aMecanismos de resistencia a herbicidas inhibidores de la ACCasa de poblaciones de Avena fatua del Bajío Guanajuatense / _h[En línea] _cpor Dulce Sarahí Molina Bartolo y Juana María Sánchez Rentería. |
| 260 |
_aChapingo, Méx. : _bEl autor, _c2017. |
||
| 500 | _aPara ver el contenido del material haga clic en la liga | ||
| 502 | _aTesis (Ing. Agr. Esp. en Parasitología Agrícola) -- UACH. Departamento de Parasitología Agrícola | ||
| 590 |
_aE8697GMM _b05 _c20171023 _lUCH01 _h1008 |
||
| 590 |
_aE8697GMM _b05 _c20171023 _lUCH01 _h1018 |
||
| 590 |
_aE8697GMM _b05 _c20171023 _lUCH01 _h1141 |
||
| 650 | 1 | 4 |
_aHerbicidas _xAnálisis. _9132171 |
| 650 | 1 | 4 |
_aHerbicidas _xAplicación. _953692 |
| 700 | 1 |
_aSánchez Rentería, Juana María _9133877 |
|
| 856 |
_aFinding aid _uhttp://10.13.5.2/tesis/sist114036.pdf _zTeclea aquí |
||
| 901 | _aBK | ||
| 942 | _cTESIS | ||
| 942 | _n0 | ||
| 999 |
_c110497 _d110497 |
||